000 00632nam a2200217Ii 4500
003 JO-AjNU
008 230606s9999||||xx |||||||||||||| ||und||
020 _a978-81-265-1190-9
040 _aJO-AjNU
_beng
_erda
_cJO-AjNU
041 _aeng
050 1 4 _aQA300 .B294 1982
100 3 _a Robert G. Bartle , Donald R. Sherbert,
_eauthor
_93833
245 0 0 _a Introduction to real analysis  
250 _a3 ed
264 3 1 _aNEW YOK:John WILEY1999
300 _a388p
336 _atext
_btxt
_2rdacontent
337 _aunmediated
_bn
_2rdamedia
338 _avolume
_bnc
_2rdacarrier
650 4 _a Mathematical analysis 
_93834
999 _aE1999
_c1999
_d1999